Normal view
MARC view
Entry Topical Term
001 - CONTROL NUMBER
- control field: 3797
003 - CONTROL NUMBER IDENTIFIER
- control field: BD-RjUL
005 - DATE AND TIME OF LATEST TRANSACTION
- control field: 20220621131430.0
008 - FIXED-LENGTH DATA ELEMENTS
- fixed length control field: 220621|| aca||aabn | a|a d
040 ## - CATALOGING SOURCE
- Original cataloging agency: BD-RjUL
- Transcribing agency: BD-RjUL
150 ## - HEADING--TOPICAL TERM
- Topical term or geographic name entry element: Urdu Litera
670 ## - SOURCE DATA FOUND
- Source citation: Work cat.: (BD-RjUL)40191: Raiyce, Qamar 123758, پریم چند کا تنقیدی مطالعہ بہ حیثیت ناول نگار ;; prim chand ka taqdeedi mota'la bah haisiat naul nagar /, 1959